Pokemon ou Digimon - Statistiques

Statistiques générales
  • Ce quiz a été pris 832 fois
  • Le résultat moyen est 28 sur 30
Statistiques - réponses
Hint Explanation Réponse % Correct
Pifeuil Pokemon
98%
Mikemon Digimon
97%
Garurumon Digimon
97%
Greymon Digimon
97%
Croquine Pokemon
97%
Kaorine Pokemon
97%
Pukamon Digimon
96%
Deoxys Pokemon
96%
Wattapik Pokemon
95%
Cliticlic Pokemon
95%
Desséliande Pokemon
95%
Fusamon Digimon
94%
Pyocomon Digimon
94%
Tournegrin Pokemon
94%
Korillon Pokemon
94%
Wormmon Digimon
93%
Aquilamon Digimon
93%
Miascarade Pokemon
93%
Golemastoc Pokemon
93%
Piyomon Digimon
92%
Kyubimon Digimon
92%
Concombaffe Pokemon
92%
Tentomon Digimon
90%
Pandamon Digimon
90%
Pipimon Digimon
89%
Lopmon Digimon
88%
Lalamon Digimon
85%
Rexillius Pokemon
84%
Crémy Pokemon
76%
Flotillon Pokemon
71%
Aucun quiz correspondant
Distribution des résultats
% des personnes avec chaque résultat
Percentile par nombre de réponses
Votre historique - résultats
Vous n’avez pas pris ce quiz